1943 1882 1404 1853 1549 1440 1549 1583 1166 1900 1813 1875 1030 1778 1815 1626 1373 1736 1549 1551 1611 1205 1692 1339 1273 1111 1787 1055 1088 1154 1408 1660 1288 1558 1985 1935 1099 1756 1928 1650 1334 1287 1747 1940 1176 1740 1875 1366 1796 1999 1032 1376 1072 1924 1227 1201 1334 1683 1833 1917 1716 1594 1055 1753 1884 1632 1684 1047 1139 1758 1544 1929 1448 1960 1234 1289 1533 1541 1844 1440 1044 1644 1079 1486 1663 1586 1201 1084 1126 1930 1921 1310 1102 1041 1144 1674 1554 1918 1009 BCNSPRNW ULIB Ver.6.0+V

เปลี่ยนเป็นภาษาไทย

Change to English
 แสดงรายละเอียดบรรณานุกรม
  กลับหน้าหลัก

Brief Record : Get Marc (ISO 2709) : E-mail record : QR code < ปิดหน้าต่าง
LEADER : 00000nam 2200000uu 4500
001    13399121473
003     ULIB
008    121121s2551||||th 000 0 tha d
020    ^a9789740438830
050 04 ^aTT890^bณ161ก
100 0  ^aณภัทร ทองแย้ม
245 10 ^aการจัดดอกไม้แบบตะวันตก /^cณภัทร ทองแย้ม
250    ^aพิมพ์ครั้งที่ 1
260    ^aกรุงเทพฯ :^bวาดศิลป์,^c2551
300    ^a63 หน้า :^bภาพประกอบ ;^c26 ซม
440  0 ^aโครงการหนังสือส่งเสริมวิชาชีพธุรกิจ
650  7 ^aการจัดดอกไม้
945    ^p160^l0^i17784
995    ^aวิภา
999 ^a ทศพร
รายการนี้ยังไม่มีแท็ก
คุณยังไม่ได้ล็อกอิน คุณสามารถมีกิจกรรมร่วมกับเว็บไซต์ได้ แต่ต้องล็อกอินก่อน ::
  ล็อกอิน

รายการสื่อสารสนเทศ

ลำดับที่ ประเภท เลขเรียก/บาร์โค้ด สถานที่ สถานะ
1. วิทยาศาสตร์การแพทย์ และสุขภาพ
วิทยาศาสตร์การแพทย์ และสุขภาพ
TT890 ณ161ก  
  Barcode: 17784
ห้องสมุดวิทยาเขตสวรรค์ประชารักษ์
►หนังสือทั่วไป
บนชั้น

รายการใกล้เคียง
    ผู้แต่ง [ณภัทร ทองแย้ม]

    หัวเรื่อง [การจัดดอกไม้]

BibComment


ยังไม่เคยถูกคอมเมนท์

คอมเมนท์ทรัพยากรรายการนี้
  คอมเมนท์: การจัดดอกไม้แบบต..


 Copyright 2026. Bcnsprnw @Library